000 00353pab a2200157 454500
008 180718b2007 xxu||||| |||| 00| 0 eng d
100 _aRamasamy, C.
245 _aAgricultural growth in pre-independence era
260 _c2007
300 _ap.41-44.
362 _aAug
650 _aAgriculture
773 _aYojana
908 _aN
909 _a76874
999 _c76874
_d76874